|
|
|
|
| LEADER |
02955nam a22004093i 4500 |
| 001 |
EBC4556863 |
| 003 |
MiAaPQ |
| 005 |
20231204023213.0 |
| 006 |
m o d | |
| 007 |
cr cnu|||||||| |
| 008 |
231204s2016 xx o ||||0 ara d |
| 020 |
|
|
|a 9783110454055
|q (electronic bk.)
|
| 020 |
|
|
|z 9783110453485
|
| 035 |
|
|
|a (MiAaPQ)EBC4556863
|
| 035 |
|
|
|a (Au-PeEL)EBL4556863
|
| 035 |
|
|
|a (CaPaEBR)ebr11223086
|
| 035 |
|
|
|a (OCoLC)1013937629
|
| 040 |
|
|
|a MiAaPQ
|b eng
|e rda
|e pn
|c MiAaPQ
|d MiAaPQ
|
| 100 |
1 |
|
|a Vagelpohl, Uwe.
|
| 245 |
1 |
0 |
|a Galeni in Hippocratis Epidemiarum Librum II Commentariorum I-III Versio Arabica.
|
| 250 |
|
|
|a 1st ed.
|
| 264 |
|
1 |
|a Berlin/Boston :
|b Walter de Gruyter GmbH,
|c 2016.
|
| 264 |
|
4 |
|c ©2016.
|
| 300 |
|
|
|a 1 online resource (611 pages)
|
| 336 |
|
|
|a text
|b txt
|2 rdacontent
|
| 337 |
|
|
|a computer
|b c
|2 rdamedia
|
| 338 |
|
|
|a online resource
|b cr
|2 rdacarrier
|
| 490 |
1 |
|
|a Corpus Medicorum Graecorum Series ;
|v v.5/2,1
|
| 505 |
0 |
|
|a Intro -- TABLE OF CONTENTS -- Bibliography -- Introduction -- A. The sources -- I. Direct transmission -- a) Scorialensis arab. 804 -- b) Ambrosianus B 135 sup -- c) Istanbul, Ayasofya 3592 -- d) Istanbul, Ayasofya 3642 -- e) The relationship between the manuscripts -- II. Indirect transmission -- a) Ḥunayn ibn Isḥāq (d. 873) -- b) ʿAlī ibn Sahl Rabban al-Ṭabarī (d. after 855) -- c) Isḥāq ibn ʿAlī al-Ruhāwī (fl. 870) -- d) Abū Bakr Muḥammad ibn Zakarīyāʼ al-Rāzī (d. 925) -- e) Yaʿqūb al-Kaskarī (fl. 920) -- f ) ʿAlī ibn al-ʿAbbās al-Maǧūsī (d. betw. 982 and 995) -- g) Abū Ǧaʿfar Aḥmad ibn Ibrāhīm ibn Abī Ḫālid al-Ǧazzār (d. ca. 1004) -- h) Abū l-Ḥasan ʿAlī ibn Riḍwān (d. 1068) -- i) Abū ʿAbdallāh Muḥammad ibn Mālik al-Ṭiġnārī (fl. ca. 1087) -- j) Abū ʿImrān Mūsā ibn ʿUbayd Allāh ibn Maymūn (Maimonides) (d. 1204) -- III. The Greek fragments and Pfaff's German translation -- B. Context and Content -- I. The Greek commentary -- II. The Arabic translation -- a) Authorship -- b) Translation style -- C. Editorial conventions -- I. The Arabic edition -- II. The English translation -- Edition and translation -- Conspectus siglorum et compendiorum -- Part I -- Part II -- Part III.
|
| 588 |
|
|
|a Description based on publisher supplied metadata and other sources.
|
| 590 |
|
|
|a Electronic reproduction. Ann Arbor, Michigan : ProQuest Ebook Central, 2023. Available via World Wide Web. Access may be limited to ProQuest Ebook Central affiliated libraries.
|
| 655 |
|
4 |
|a Electronic books.
|
| 700 |
1 |
|
|a Swain, Simon.
|
| 776 |
0 |
8 |
|i Print version:
|a Vagelpohl, Uwe
|t Galeni in Hippocratis Epidemiarum Librum II Commentariorum I-III Versio Arabica
|d Berlin/Boston : Walter de Gruyter GmbH,c2016
|z 9783110453485
|
| 797 |
2 |
|
|a ProQuest (Firm)
|
| 830 |
|
0 |
|a Corpus Medicorum Graecorum Series
|
| 856 |
4 |
0 |
|u https://ebookcentral.proquest.com/lib/matrademy/detail.action?docID=4556863
|z Click to View
|